000 00589nam a2200205Ia 4500
003 GCL
008 140319s9999 xx 000 0 ara d
040 _aGCL /
_cGCL
082 0 4 _a641.5
_bن ا
100 1 _aنظيرة نقولا
245 1 0 _aاصول الطهى النظرى والعلمى /
_cنظيرة نقولا
700 1 _aبهية عثمان
260 _a[S.N] :
_bمكتبة النهضة المصرية ،
_c1992
300 _a89 ص
490 _a
650 0 4 _aالاقتصاد المنزلى
650 0 4 _aالاغذية
650 0 4 _aالطهى
942 _2ddc
_cBK
999 _c30600
_d30600